| 000 | 00812nam a2200229Ia 4500 | ||
|---|---|---|---|
| 001 | L220-4405 | ||
| 003 | IT-CnALBA | ||
| 008 | 170116s9999||||xx |||||||||||||| ||und|| | ||
| 040 |
_aIT-CnALBA _cIT-CnALBA |
||
| 041 | _aITALIANO | ||
| 100 | _aMOSÈ, PROFETA | ||
| 245 | 0 | _aLA SACRA BIBBIA. ANTICO TESTAMENTO. ESODO. FASCICOLO VI. | |
| 250 | _a1a ed. | ||
| 260 |
_aMILANO _bFABBRI FRATELLI EDITORI _c1977 [1° Ed.:1977 - Ed.Ling.Originale: 1977] |
||
| 300 | _a24 p. | ||
| 500 | _aTAVOLE DI GUSTAVO DORÈ. TESTO UFFICIALE DELLA CEI. | ||
| 501 | _aSocietà San Paolo EM - Piazza San Paolo, 14 - 12051 ALBA (CN) (non commercial uses only) ® Copyright 2017 | ||
| 520 | _aTAVOLE DI GUSTAVO DORÈ. TESTO UFFICIALE DELLA CEI. | ||
| 650 | _aBIBBIA - TESTI E COMMENTI | ||
| 942 | _cBK | ||
| 957 | _71 | ||
| 999 |
_a5383 _bSI _g Copie: 1 _c263591 _d263591 |
||